000 00978cam a2200229 4500
001 ##L134324
008 060726n2006 000 0 eng u
035 _a(Sirsi) u134324
041 0 _aeng
050 0 4 _a306.1 $2 18
110 2 _aEnglish Partnerships
_91764
245 0 0 _aDesigned for manufacture
_bthe challenge to build a quality home for £60k
260 _aLondon
_bEnglish Partnerships
_c2006
300 _a63p.
_bill.
_c30cm.
520 _aDiscusses the Design for manufacture competition in which housebuilders were challenged to build high quality, sustainable houses for £60k. Sets out the aims of the competition, describes the competition brief and looks at the entries received.
590 _aIKA031006
650 2 4 _aDCLG DESIGN FOR MANUFACTURE
651 4 _aUnited Kingdom
_y
690 _aPROPERTY-RESIDENTIAL PROPERTY-RESIDENTIAL PROPERTY DEVELOPMENT
710 1 _aUnited Kingdom
_bDepartment for Communities and Local Government
_94939
942 _n0
999 _c105646
_d105646